| 000 | 00624nam a2200253Ia 4500 | ||
|---|---|---|---|
| 005 | 20250425161948.0 | ||
| 008 | 250425s9999 xx 000 0 und d | ||
| 020 | _a9701005570 | ||
| 041 | _aspa | ||
| 082 | _a621.3803 | ||
| 100 | _aGIBILISCO, STAN | ||
| 245 | 0 | _aELECTRONICA: DICCIONARIO ENCICLOPEDICO (TOMO II) | |
| 250 | _a1A ED. | ||
| 260 | _aMEXICO | ||
| 260 |
_aMéxico _bMCGRAW-HILL _c1994 |
||
| 300 | _a328 | ||
| 650 | _aCIRCUITOS ELECTRONICOS | ||
| 650 | _aDICCIONARIOS | ||
| 650 | _aTECNOLOGIA ELECTRONICA | ||
| 650 | _aTERMINOLOGIA | ||
| 700 | _aSCLATER, NEIL | ||
| 942 | _c01 | ||
| 010 | _a37670 | ||
| 999 |
_c219740 _d219740 |
||